Digital signal processing implementations : Using DSP microprocessors with examples from TMS320C54xx

Bridging the gap between Digital Signal Processing theory and design, this implementation-oriented textbook is based on the authors' extensive experience in teaching graduate and undergraduate courses on the subject. The objective of the book is to help students understand the architecture, pro...

Ful tanımlama

Kaydedildi:
Detaylı Bibliyografya
Yazar: Singh, Avtar
Materyal Türü: Kitap
Dil:Undetermined
Baskı/Yayın Bilgisi: Australia Thomson 2004
Konular:
Etiketler: Etiketle
Etiket eklenmemiş, İlk siz ekleyin!
Thư viện lưu trữ: Trung tâm Học liệu Trường Đại học Cần Thơ
LEADER 01291nam a2200229Ia 4500
001 CTU_95724
008 210402s9999 xx 000 0 und d
020 |c 1301000 
082 |a 621.38 
082 |b S617 
100 |a Singh, Avtar 
245 0 |a Digital signal processing implementations : 
245 0 |b Using DSP microprocessors with examples from TMS320C54xx 
245 0 |c Avtar Singh 
260 |a Australia 
260 |b Thomson 
260 |c 2004 
520 |a Bridging the gap between Digital Signal Processing theory and design, this implementation-oriented textbook is based on the authors' extensive experience in teaching graduate and undergraduate courses on the subject. The objective of the book is to help students understand the architecture, programming, and interfacing of commercially available programmable DSP devices, and to effectively use them in system implementations. Throughout the book, the authors utilize a popular family of DSP devices, viz., TMS320C54xx from Texas Instruments. In the end, students will be comfortable in using both hardware and software for designing with the programmable DSP devices. 
650 |a Signal processing 
650 |x Digital techniques 
904 |i M.Loan 
980 |a Trung tâm Học liệu Trường Đại học Cần Thơ